|
|
|
|
| LEADER |
01497nam a2200277 a 4500 |
| 001 |
30622 |
| 003 |
BD-DhAAL |
| 008 |
151202s1997 bg 00 0 ben d |
| 040 |
|
|
|a BD-DhAAL
|c BD-DhAAL
|
| 041 |
|
|
|a BEN
|
| 082 |
0 |
0 |
|a 307.1412095492
|2 22
|
| 245 |
1 |
0 |
|a নির্যাস :
|b ব্র্যাকের গবেষণা তথ্যবিচিত্রা.
|n খন্ড ১০ /
|c প্রধান সম্পাদক, আহমদ মোশতাক রাজা চৌধুরী, সম্পাদক, হাসান শরীফ আহমেদ.
|
| 264 |
|
|
|a ঢাকা :
|b গবেষণা ও মূল্যায়ন বিভাগ, ব্র্যাক,
|c ১৯৯৭.
|
| 300 |
|
|
|a ১০০ পৃষ্ঠা ;
|c ২২ সে.মি.
|
| 362 |
|
|
|a Vol. 10
|
| 500 |
|
|
|a ১৯৯৯ এর নির্বাচিত কতিপয় গবেষণা রিপোর্টের সার-সংক্ষেপ
|
| 541 |
1 |
|
|e 30622
|
| 610 |
|
0 |
|a BRAC
|9 16826
|
| 610 |
|
0 |
|a RED
|x Research.
|9 16827
|
| 650 |
|
0 |
|a Rural Development
|z Bangladesh
|9 16828
|
| 700 |
1 |
|
|a আহমেদ, হাসান শরীফ.
|9 16829
|
| 700 |
1 |
|
|a চৌধুরী, আহমদ মোশতাক রাজা.
|9 16830
|
| 852 |
1 |
|
|a Ayesha Abed Library
|c General Stacks
|
| 942 |
|
|
|2 ddc
|c BK
|
| 999 |
|
|
|c 36388
|d 36388
|
| 952 |
|
|
|0 0
|1 0
|2 ddc
|4 0
|6 307_141209549200000_NIR
|7 0
|9 57228
|a BRACUL
|b BRACUL
|c GEN
|d 2015-12-02
|l 0
|o 307.1412095492 NIR
|p 3010030622
|r 2015-12-13
|t 1
|w 2015-12-02
|y BK
|